Suomen kielen sijamuodot - Statistics

Yleistilastot
  • Tätä visaa on pelattu 1 122 kertaa
  • Keskiarvotulos 8 / 15
Vastaustilastot
Sijamuoto % Oikein
Illatiivi
85%
Allatiivi
84%
Genetiivi
78%
Inessiivi
77%
Ablatiivi
73%
Nominatiivi
68%
Partitiivi
63%
Adessiivi
60%
Elatiivi
53%
Essiivi
51%
Translatiivi
43%
Akkusatiivi
37%
Komitatiivi
27%
Abessiivi
26%
Instruktiivi
21%
Ehtoja vastaavia visoja ei löytynyt
Tulosjakauma
Jokaisen tuloksen saaneiden osuus
Persentiili vastausten määrän mukaan
Tuloshistoriasi
Et ole pelannut tätä visaa